[Event "17ème open international de Saint-Affriq"]
[Site "Saint Affrique"]
[Date "2009.07.21"]
[Round "5.10"]
[White "Aiglon, Laurent"]
[Black "Collas, Silvia"]
[Result "0-1"]
[WhiteElo "2114"]
[BlackElo "2315"]
[PlyCount "92"]
[EventDate "2009.??.??"]

1. e4 c5 2. Nf3 e6 3. d4 cxd4 4. Nxd4 a6 5. Be3 Nf6 6. Bd3 d6 7. O-O Nbd7 8. a4
b6 9. Nc3 Bb7 10. Qe2 Nc5 11. Bg5 h6 12. Bh4 g5 13. Bg3 Bg7 14. Rad1 Nfd7 15.
Bc4 Ne5 16. b4 Nxc4 17. bxc5 Nb2 18. Ndb5 Nxd1 19. Nxd6+ Kf8 20. Rxd1 Bc6 21.
Qf3 Qf6 22. Qxf6 Bxf6 23. e5 Bd8 24. cxb6 Bxb6 25. Nce4 Bxa4 26. Rb1 Bc7 27.
Rb7 Rb8 28. Rxb8+ Bxb8 29. c4 Bc6 30. f4 Ba7+ 31. Kf1 Be3 32. fxg5 hxg5 33. h3
a5 34. Ke2 Bf4 35. Be1 Bxe5 36. Bxa5 f5 37. Nxg5 Bxd6 38. Nxe6+ Ke7 39. Nd4
Bxg2 40. Nxf5+ Ke6 41. Nxd6 Kxd6 42. Bb6 Rxh3 43. c5+ Ke5 44. Kf2 Bc6 45. Ke2
Kd4 46. Kf2 Ra3 0-1

[Event "17ème open international de Saint-Affriq"]
[Site "Saint Affrique"]
[Date "2009.07.21"]
[Round "5.12"]
[White "Milesi, Laurent"]
[Black "Laclau, Daniel"]
[Result "1/2-1/2"]
[WhiteElo "2091"]
[BlackElo "2296"]
[Annotator ",Joelle"]
[PlyCount "90"]
[EventDate "2009.??.??"]

1. b3 Nf6 2. Bb2 g6 3. e3 Bg7 4. f4 d6 5. Nf3 Nc6 6. Be2 O-O 7. Qc1 Bg4 8. O-O
e5 9. fxe5 Nxe5 10. c4 Re8 11. Nc3 Bf5 12. Nd5 Nfd7 13. Kh1 c6 14. Nf4 Qe7 15.
Bc3 Nf6 16. Nd4 Bd7 17. Qc2 Rad8 18. Rae1 Bc8 19. a4 d5 20. cxd5 Nxd5 21. Nxd5
Rxd5 22. Qb2 f5 23. Rf4 Rdd8 24. b4 Kh8 25. b5 c5 26. Nf3 b6 27. a5 Bb7 28. a6
Be4 29. h4 h6 30. d4 Nxf3 31. gxf3 g5 32. hxg5 hxg5 33. Bc4 Rd6 34. Rxe4 fxe4
35. Re2 Rh6+ 36. Rh2 Qf6 37. f4 Kh7 {#} 38. dxc5 Qxc3 39. Rxh6+ Kxh6 40. Qh2+
Kg6 41. f5+ Kxf5 42. Qf2+ Ke5 43. Qg3+ Kf5 44. Qf2+ Ke5 45. Qg3+ Kf5 1/2-1/2

[Event "17ème open international de Saint-Affriq"]
[Site "Saint Affrique"]
[Date "2009.07.22"]
[Round "6.1"]
[White "Petkov, Vladimir"]
[Black "Flear, Glenn C"]
[Result "1-0"]
[WhiteElo "2429"]
[BlackElo "2490"]
[PlyCount "77"]
[EventDate "2009.??.??"]

1. d4 d5 2. c4 c6 3. Nf3 Nf6 4. e3 Bg4 5. Nc3 e6 6. h3 Bh5 7. Qb3 Qb6 8. Ne5
Nfd7 9. Nd3 Bg6 10. Bd2 Be7 11. Nf4 Qxb3 12. axb3 Bc2 13. cxd5 exd5 14. b4 O-O
15. b5 Nb6 16. bxc6 bxc6 17. Bd3 Bxd3 18. Nxd3 N8d7 19. Ke2 Rfc8 20. b4 Rc7 21.
Ra6 Rb8 22. Rha1 Rbb7 23. g4 h6 24. Be1 Nf6 25. Na4 Nxa4 26. R1xa4 Nd7 27. Ra2
Nb6 28. f3 Bd6 29. e4 dxe4 30. fxe4 Re7 31. Kf3 Rbd7 32. Nc5 Bxc5 33. bxc5 Nc4
34. Bf2 Rb7 35. Re2 Re6 36. Kg2 Nb2 37. d5 cxd5 38. Rxe6 fxe6 39. c6 1-0

[Event "17ème open international de Saint-Affriq"]
[Site "Saint Affrique"]
[Date "2009.07.22"]
[Round "6.3"]
[White "Karpatchev, Aleksandr"]
[Black "Saada, Julien"]
[Result "1-0"]
[WhiteElo "2491"]
[BlackElo "2289"]
[Annotator ",Joelle"]
[PlyCount "43"]
[EventDate "2009.??.??"]

1. e4 c6 2. d4 d5 3. exd5 cxd5 4. c4 Nf6 5. Nc3 g6 6. cxd5 Bg7 7. Bb5+ Nbd7 8.
d6 O-O 9. dxe7 Qxe7+ 10. Nge2 a6 11. Bxd7 Bxd7 12. O-O b5 13. Bg5 Bc6 14. d5
Rfd8 15. Re1 Qb4 16. a3 Qc4 17. Nf4 h6 18. Bxf6 Bxf6 19. Re4 Qc5 20. Nd3 Qd6
21. dxc6 Qxd3 {#} 22. Re8+ 1-0

[Event "17ème open international de Saint-Affriq"]
[Site "Saint Affrique"]
[Date "2009.07.22"]
[Round "6.4"]
[White "Mancini, Mario"]
[Black "Degraeve, Jean-Marc"]
[Result "0-1"]
[WhiteElo "2269"]
[BlackElo "2559"]
[PlyCount "78"]
[EventDate "2009.??.??"]

1. d4 Nf6 2. c4 c5 3. d5 e6 4. Nc3 exd5 5. cxd5 Bd6 6. Bg5 O-O 7. Nf3 Re8 8. e4
Nxe4 9. Nxe4 Rxe4+ 10. Be2 Qe8 11. Be3 Bf4 12. Bxf4 Rxf4 13. O-O d6 14. Qd2 Rf6
15. Rfe1 Qd8 16. Bd3 Nd7 17. Re3 Nf8 18. Rae1 Bd7 19. Ng5 b5 20. Rg3 c4 21. Bc2
Rb8 22. Ne4 Rg6 23. Ng5 Rf6 24. Ne4 Rg6 25. Ng5 f5 26. h4 Qf6 27. Rc3 h6 28.
Nf3 Rg4 29. g3 b4 30. Rce3 f4 31. Re4 fxg3 32. Rxg4 Bxg4 33. Nd4 c3 34. bxc3
bxc3 35. Qe3 Rb4 36. Ne6 Bxe6 37. dxe6 gxf2+ 38. Qxf2 Rg4+ 39. Kh2 Qxf2+ 0-1

[Event "17ème open international de Saint-Affriq"]
[Site "Saint Affrique"]
[Date "2009.07.22"]
[Round "6.6"]
[White "Rolland, Benjamin"]
[Black "Lagarde, Maxime"]
[Result "0-1"]
[WhiteElo "2158"]
[BlackElo "2352"]
[PlyCount "29"]
[EventDate "2009.??.??"]

1. d4 Nf6 2. Nf3 g6 3. Nc3 d5 4. Bf4 Bg7 5. Qd2 c6 6. Bh6 Bxh6 7. Qxh6 Qa5 8.
Nd2 Bf5 9. O-O-O b5 10. f3 Nbd7 11. Nb3 Qb6 12. g4 Be6 13. e4 dxe4 14. d5 Nxd5
15. Nxd5 0-1

[Event "17ème open international de Saint-Affriq"]
[Site "Saint Affrique"]
[Date "2009.07.22"]
[Round "6.8"]
[White "Delorme, Laurie"]
[Black "Garrido, Denis"]
[Result "1-0"]
[WhiteElo "2152"]
[BlackElo "2321"]
[Annotator ",Joelle"]
[PlyCount "105"]
[EventDate "2009.??.??"]

1. d4 Nf6 2. c4 c5 3. d5 d6 4. Nc3 g6 5. e4 Bg7 6. Bd3 O-O 7. h3 Na6 8. Nf3 Nc7
9. Bg5 h6 10. Be3 e6 11. Qd2 exd5 12. cxd5 b5 13. Bxh6 b4 14. Bxg7 Kxg7 15. Ne2
Re8 16. Ng5 c4 17. Bxc4 Nxe4 18. Nxe4 Rxe4 19. Rc1 Ba6 20. Bxa6 Nxa6 21. O-O
Nc5 22. Ng3 Rh4 23. f4 Qf6 24. Rc4 a5 25. Qe2 Ra7 26. Ne4 Nxe4 27. Rxe4 Rc7 28.
Qd2 Rh5 29. Qd4 Rc5 {#} 30. Re5 Rc2 31. Qe4 dxe5 32. Qxc2 exf4 33. Qd2 Qd6 34.
Rd1 Re5 35. Qd4 Kh7 36. Qa7 Rf5 37. Qxa5 f3 38. Qb5 Qg3 39. Qf1 fxg2 40. Qxg2
Qe3+ 41. Kh1 Rf2 42. Qg4 f5 43. Qh4+ Kg7 44. Qd4+ Qxd4 45. Rxd4 Kf7 46. Rxb4
Rd2 47. Rb5 f4 48. Kg1 Kf6 49. a4 Kg5 50. Rb3 Kh4 51. a5 Rxd5 52. a6 Rd7 53.
Rc3 1-0

[Event "17ème open international de Saint-Affriq"]
[Site "Saint Affrique"]
[Date "2009.07.22"]
[Round "6.9"]
[White "Chaplin, Erik"]
[Black "Mohota, Nisha"]
[Result "1/2-1/2"]
[WhiteElo "2141"]
[BlackElo "2315"]
[PlyCount "97"]
[EventDate "2009.??.??"]

1. e4 e5 2. Nf3 Nc6 3. Nc3 Nf6 4. d4 exd4 5. Nxd4 Bb4 6. Nxc6 bxc6 7. Bd3 d5 8.
exd5 cxd5 9. O-O O-O 10. Bg5 c6 11. Re1 Bd6 12. Qf3 Rb8 13. b3 h6 14. Bxf6 Qxf6
15. Qxf6 gxf6 16. Ne2 c5 17. Ng3 Be6 18. Nf5 Bxf5 19. Bxf5 Rfe8 20. g3 Re5 21.
Rxe5 fxe5 22. Rd1 d4 23. Kg2 Kg7 24. Kf3 Kf6 25. Ke4 Rb6 26. Rd3 Ra6 27. a4 c4
28. Rf3 Ke7 29. g4 Rc6 30. bxc4 Rxc4 31. Rb3 Rxa4 32. Rb7+ Kf6 33. Kd5 Bf8 34.
h4 h5 35. g5+ Kxf5 36. Rxf7+ Kg6 37. Rxf8 Ra5+ 38. Ke4 Rc5 39. Rf6+ Kg7 40. Ra6
Rxc2 41. Rxa7+ Kg6 42. Ra6+ Kg7 43. Kxe5 Rxf2 44. Kxd4 Rf4+ 45. Ke5 Rxh4 46.
Kf5 Rb4 47. Ra7+ Kg8 48. Kg6 Rb6+ 49. Kxh5 1/2-1/2

[Event "17ème open international de Saint-Affriq"]
[Site "Saint Affrique"]
[Date "2009.07.22"]
[Round "6.12"]
[White "Van Elst, Andreas"]
[Black "Gozzoli, Cyrille"]
[Result "1-0"]
[WhiteElo "2288"]
[BlackElo "2125"]
[PlyCount "81"]
[EventDate "2009.??.??"]

1. d4 Nf6 2. c4 c6 3. Nf3 d5 4. e3 e6 5. Bd3 Nbd7 6. O-O Bd6 7. Nbd2 O-O 8. e4
e5 9. exd5 cxd5 10. cxd5 exd4 11. Nc4 Nb6 12. Nxd4 Nxc4 13. Bxc4 Bxh2+ 14. Kxh2
Qc7+ 15. d6 Qxc4 16. Bf4 Bg4 17. f3 Bd7 18. Qd2 Rfd8 19. b3 Qd5 20. Rad1 Nh5
21. g4 g5 22. Nf5 Qxd2+ 23. Bxd2 Bxf5 24. Bxg5 f6 25. Bh4 Bc2 26. Rd2 Bg6 27.
gxh5 Bxh5 28. Bxf6 Rd7 29. f4 Kf7 30. Be7 Re8 31. Rg2 Rdxe7 32. dxe7 Rxe7 33.
Rff2 Kf6 34. Rg3 Bg6 35. Rc3 Bf5 36. Rd2 Be4 37. Rc5 Re6 38. Kg3 Bc6 39. Kg4
Re1 40. Rd6+ Ke7 41. Re5+ 1-0

[Event "17ème open international de Saint-Affriq"]
[Site "Saint Affrique"]
[Date "2009.07.23"]
[Round "7.1"]
[White "Bujisho, Benjamin"]
[Black "Petkov, Vladimir"]
[Result "1/2-1/2"]
[WhiteElo "2404"]
[BlackElo "2429"]
[PlyCount "20"]
[EventDate "2009.??.??"]

1. d4 Nf6 2. Nf3 e6 3. e3 b6 4. Bd3 Bb7 5. b3 d5 6. Bb2 Nbd7 7. Nbd2 Be7 8. O-O
O-O 9. c4 c5 10. Qe2 a6 1/2-1/2

[Event "17ème open international de Saint-Affriq"]
[Site "Saint Affrique"]
[Date "2009.07.23"]
[Round "7.2"]
[White "Degraeve, Jean-Marc"]
[Black "Karpatchev, Aleksandr"]
[Result "1-0"]
[WhiteElo "2559"]
[BlackElo "2491"]
[PlyCount "77"]
[EventDate "2009.??.??"]

1. e4 e5 2. Nf3 Nc6 3. Bc4 Bc5 4. c3 Nf6 5. d3 a6 6. Nbd2 Ba7 7. O-O O-O 8. h3
d6 9. Bb3 Nd7 10. Bc2 Ne7 11. d4 Ng6 12. Nc4 h6 13. a4 Qf6 14. Ne3 Re8 15. a5
Ndf8 16. Kh2 Nf4 17. h4 c6 18. g3 N4g6 19. Nf5 d5 20. dxe5 Nxe5 21. Nxe5 dxe4
22. Nxh6+ gxh6 23. Ng4 Qe6 24. Nxh6+ Kh7 25. Qf3 f5 26. Qh5 Qg6 27. Qxg6+ Nxg6
28. g4 Bb8+ 29. Kg2 f4 30. g5 f3+ 31. Kg1 Nxh4 32. Re1 Ng6 33. Ra4 Bf4 34.
Rexe4 Bh3 35. Bxf4 Rxe4 36. Rxe4 Rd8 37. Bg3 Rd2 38. Ng8 Nh8 39. Nf6+ 1-0

[Event "17ème open international de Saint-Affriq"]
[Site "Saint Affrique"]
[Date "2009.07.23"]
[Round "7.3"]
[White "Gozzoli, Yannick"]
[Black "Bissieres, Matthieu"]
[Result "1/2-1/2"]
[WhiteElo "2498"]
[BlackElo "2300"]
[PlyCount "101"]
[EventDate "2009.??.??"]

1. d4 Nf6 2. c4 g6 3. Nc3 Bg7 4. e4 O-O 5. Nge2 c6 6. Bg5 d5 7. cxd5 cxd5 8.
Bxf6 Bxf6 9. Nxd5 Bg7 10. Qd2 Nc6 11. Rd1 f5 12. Ne3 f4 13. Nc2 Qb6 14. Nc3 e5
15. Na4 Qc7 16. d5 Nd4 17. Nxd4 exd4 18. f3 Bd7 19. Rc1 Qd6 20. Nc5 Bf6 21. Bd3
Bh4+ 22. Ke2 Bc8 23. Nb3 Qe5 24. Rc4 Bf6 25. Rhc1 Qh5 26. h3 Qg5 27. Kd1 Be5
28. Kc2 Bd7 29. Kb1 b6 30. R4c2 a5 31. Qf2 a4 32. Nd2 b5 33. Qe2 Rab8 34. Rc5
Bd6 35. Rc6 Bxc6 36. Rxc6 Bb4 37. Rc2 Bxd2 38. Rxd2 b4 39. Bc4 Qe5 40. Qd3 Kg7
41. Qxd4 Qxd4 42. Rxd4 Kf6 43. d6 Rfe8 44. d7 Red8 45. Rd5 a3 46. b3 Rb7 47.
e5+ Ke7 48. e6 Rb6 49. Rd4 Rf8 50. Kc2 Rd6 51. Re4 1/2-1/2

[Event "17ème open international de Saint-Affriq"]
[Site "Saint Affrique"]
[Date "2009.07.23"]
[Round "7.4"]
[White "Flear, Glenn C"]
[Black "Delorme, Laurie"]
[Result "1-0"]
[WhiteElo "2490"]
[BlackElo "2152"]
[PlyCount "65"]
[EventDate "2009.??.??"]

1. d4 d5 2. c4 e6 3. Nc3 c6 4. cxd5 exd5 5. Qc2 Bd6 6. Nf3 Ne7 7. Bg5 f6 8. Bh4
Bf5 9. Qd2 Be4 10. e3 Nf5 11. Bg3 Nxg3 12. hxg3 Qe7 13. O-O-O g5 14. Nxe4 dxe4
15. Ng1 Nd7 16. Bc4 Nb6 17. Bb3 O-O-O 18. Qa5 Bb4 19. Qf5+ Kb8 20. Rh5 Rd6 21.
Ne2 c5 22. Kb1 c4 23. Bc2 Re6 24. Rdh1 c3 25. Rxh7 Rxh7 26. Rxh7 Qd6 27. Rh8+
Kc7 28. bxc3 Nc4 29. Bb3 Nd2+ 30. Kc2 Nxb3 31. axb3 Qa6 32. Nc1 Ba3 33. Qd5 1-0

[Event "17ème open international de Saint-Affriq"]
[Site "Saint Affrique"]
[Date "2009.07.23"]
[Round "7.10"]
[White "Boudre, Jean-Pierre"]
[Black "Chaplin, Erik"]
[Result "1-0"]
[WhiteElo "2337"]
[BlackElo "2141"]
[PlyCount "59"]
[EventDate "2009.??.??"]

1. e4 e5 2. Nf3 Nc6 3. Bb5 d6 4. d4 Bd7 5. Nc3 exd4 6. Nxd4 g6 7. Be3 Bg7 8.
Qd2 Nf6 9. Bxc6 bxc6 10. Bh6 Bxh6 11. Qxh6 Ng4 12. Qd2 Qh4 13. Nf3 Qf6 14. O-O
O-O 15. b3 Rfe8 16. Rae1 Kg7 17. h3 Ne5 18. Nxe5 Qxe5 19. f4 Qc5+ 20. Kh2 f5
21. Na4 Qb5 22. c4 Qb8 23. exf5 Bxf5 24. g4 Bd7 25. f5 gxf5 26. Qg5+ Kf7 27.
gxf5 Rxe1 28. Rxe1 Qf8 29. f6 Re8 30. Qh5+ 1-0

[Event "17ème open international de Saint-Affriq"]
[Site "Saint Affrique"]
[Date "2009.07.23"]
[Round "7.11"]
[White "Vanderbeeken, Mikael"]
[Black "David, Vincent"]
[Result "0-1"]
[WhiteElo "2124"]
[BlackElo "2399"]
[PlyCount "112"]
[EventDate "2009.??.??"]

1. e4 e6 2. d4 d5 3. Nc3 dxe4 4. Nxe4 Nd7 5. Nf3 Ngf6 6. Bg5 h6 7. Nxf6+ Nxf6
8. Bh4 c5 9. Ne5 Qa5+ 10. c3 cxd4 11. Qxd4 Bc5 12. Nc4 Bxd4 13. Nxa5 Bb6 14.
Bb5+ Ke7 15. Nc4 Bc7 16. Nd2 a6 17. Be2 Rd8 18. O-O-O Bd7 19. Bf3 Rab8 20. Ne4
b6 21. Rhe1 a5 22. Nxf6 gxf6 23. Bg3 e5 24. Bf4 Be6 25. Bxh6 Rh8 26. Be3 Rxh2
27. b3 f5 28. g3 e4 29. Be2 b5 30. Rh1 Rxh1 31. Rxh1 Be5 32. Bg5+ Kd7 33. Kc2
Kc6 34. Be3 a4 35. Bf4 Bxf4 36. gxf4 axb3+ 37. axb3 Ra8 38. Kb2 Rg8 39. Rh2 Rg1
40. Kc2 Kb6 41. Kb2 Re1 42. Bh5 Kc5 43. Kc2 b4 44. c4 Kd4 45. Kd2 Rf1 46. Be2
Rxf2 47. Rxf2 e3+ 48. Ke1 exf2+ 49. Kxf2 Kc3 50. Ke3 Kxb3 51. c5 Kc3 52. c6 b3
53. c7 Bc8 54. Bd3 Kb2 55. Bc4 Kc2 56. Bxf7 b2 0-1

[Event "17ème open international de Saint-Affriq"]
[Site "Saint Affrique"]
[Date "2009.07.23"]
[Round "7.12"]
[White "Manouck, Thierry"]
[Black "Iwanesko, Alexandre"]
[Result "1-0"]
[WhiteElo "2337"]
[BlackElo "2101"]
[Annotator ",Joelle"]
[PlyCount "69"]
[EventDate "2009.??.??"]

1. c4 Nf6 2. g3 c5 3. Bg2 e6 4. b3 Nc6 5. Nf3 d5 6. e3 Be7 7. O-O O-O 8. Bb2 d4
9. exd4 cxd4 10. Re1 Ne8 11. Ne5 Nxe5 12. Rxe5 f6 13. Re1 e5 14. Ba3 Nc7 15.
Bxe7 Qxe7 16. d3 Rb8 17. Nd2 Bf5 18. Ne4 Bxe4 19. Bxe4 f5 20. Bg2 Qd6 21. b4 b5
22. c5 Qf6 23. Qd2 f4 24. gxf4 exf4 25. Bf3 Qh4 26. Re5 Qh3 27. Qe2 Rf6 28. Rh5
Rg6+ 29. Kh1 Qd7 30. Be4 Qe6 {#} 31. Rxh7 Rg5 32. Rg1 f3 33. Qxf3 Rxg1+ 34.
Kxg1 Rf8 35. Rh8+ 1-0

[Event "17ème open international de Saint-Affriq"]
[Site "Saint Affrique"]
[Date "2009.07.23"]
[Round "7.13"]
[White "Tasic, Branislav"]
[Black "Crut, Aurelien"]
[Result "0-1"]
[WhiteElo "2087"]
[BlackElo "2335"]
[PlyCount "56"]
[EventDate "2009.??.??"]

1. d4 d5 2. Nf3 Nf6 3. c4 e6 4. g3 dxc4 5. Bg2 c6 6. O-O b5 7. a4 Bb7 8. b3
cxb3 9. Qxb3 b4 10. a5 c5 11. dxc5 Bxc5 12. Qc4 Nbd7 13. Bb2 Rc8 14. Qd3 O-O
15. Nbd2 Be7 16. Nb3 Nc5 17. Nxc5 Bxc5 18. Ne5 Bxg2 19. Kxg2 Qxd3 20. Nxd3 Be7
21. Bd4 a6 22. Rfc1 Ne4 23. Rxc8 Rxc8 24. Rb1 Rc4 25. e3 f6 26. Rc1 Rxc1 27.
Nxc1 e5 28. Bb2 Nd2 0-1

[Event "17ème open international de Saint-Affriq"]
[Site "Saint Affrique"]
[Date "2009.07.23"]
[Round "7.14"]
[White "Garrido, Denis"]
[Black "Bourges, Jerome"]
[Result "1-0"]
[WhiteElo "2321"]
[BlackElo "2078"]
[PlyCount "89"]
[EventDate "2009.??.??"]

1. d4 e6 2. c4 f5 3. g3 Nf6 4. Bg2 Be7 5. Nc3 O-O 6. Qc2 d6 7. b3 e5 8. e3 Nc6
9. Nge2 Qe8 10. Nd5 Bd8 11. dxe5 dxe5 12. Ba3 Rf7 13. Rd1 Be6 14. Nb4 Nxb4 15.
Bxb4 Rb8 16. O-O Rd7 17. Qb2 Rxd1 18. Rxd1 Nd7 19. Qa3 a6 20. c5 c6 21. Ba5 Be7
22. Bc7 Bxc5 23. b4 Rc8 24. Bxe5 Nxe5 25. bxc5 Qh5 26. Re1 Nf3+ 27. Bxf3 Qxf3
28. Nd4 Qd5 29. Nxe6 Qxe6 30. Rd1 Qe7 31. h4 Rf8 32. Rd6 Rf6 33. Qb3+ Kf8 34.
Rd4 Qc7 35. Qd3 Ke8 36. e4 fxe4 37. Rxe4+ Kf8 38. Rd4 Qa5 39. Rd8+ Kf7 40. Qd7+
Kg6 41. Qg4+ Kf7 42. Qh5+ Rg6 43. Rd7+ Ke8 44. Rxg7 Qxa2 45. Qe5+ 1-0

[Event "17ème open international de Saint-Affriq"]
[Site "Saint Affrique"]
[Date "2009.07.23"]
[Round "7.15"]
[White "Milesi, Laurent"]
[Black "Mancini, Mario"]
[Result "1-0"]
[WhiteElo "2091"]
[BlackElo "2269"]
[PlyCount "85"]
[EventDate "2009.??.??"]

1. b3 e5 2. Bb2 Nc6 3. e3 Nf6 4. c4 d5 5. cxd5 Nxd5 6. a3 Bd6 7. Qc2 O-O 8. Nf3
Qe7 9. d3 Kh8 10. Nbd2 f5 11. Be2 Be6 12. O-O a5 13. Rfe1 Bg8 14. Bf1 Qf7 15.
g3 h6 16. Bg2 Rae8 17. Rac1 Bh7 18. Nc4 e4 19. Nxd6 cxd6 20. Nd2 Qe7 21. Red1
Nc7 22. dxe4 fxe4 23. Nc4 d5 24. Nxa5 Nxa5 25. Qxc7 Qf7 26. Qxf7 Rxf7 27. Rxd5
Nc6 28. Rcd1 Bf5 29. b4 Kh7 30. h3 Bg6 31. Rd7 Ree7 32. Rxe7 Rxe7 33. Bc3 Rc7
34. b5 Na7 35. Be5 Re7 36. Rd5 h5 37. Bd4 Nc8 38. Kh2 b6 39. Re5 Rxe5 40. Bxe5
Ne7 41. Bd4 Nd5 42. a4 Kg8 43. f3 1-0

[Event "17ème open international de Saint-Affriq"]
[Site "Saint Affrique"]
[Date "2009.07.24"]
[Round "8.2"]
[White "Bujisho, Benjamin"]
[Black "Degraeve, Jean-Marc"]
[Result "0-1"]
[WhiteElo "2404"]
[BlackElo "2559"]
[PlyCount "60"]
[EventDate "2009.??.??"]

1. d4 Nf6 2. Nf3 c5 3. c3 g6 4. dxc5 Bg7 5. e3 a5 6. Na3 Na6 7. Bxa6 Rxa6 8.
O-O Rc6 9. b4 Ne4 10. Nd4 Nxc3 11. Qb3 Ne2+ 12. Nxe2 Bxa1 13. Nc2 Bg7 14. Bb2
Bxb2 15. Qxb2 O-O 16. Ncd4 Rf6 17. b5 b6 18. cxb6 Qxb6 19. a4 Bb7 20. Rc1 Rd6
21. h4 Rc8 22. Rxc8+ Bxc8 23. Qc3 Bb7 24. f4 Rd5 25. Nb3 Qe6 26. Nxa5 Rd1+ 27.
Kf2 Bxg2 28. Qb3 Rd5 29. Kxg2 Qg4+ 30. Kf2 Rd2 0-1

[Event "17ème open international de Saint-Affriq"]
[Site "Saint Affrique"]
[Date "2009.07.24"]
[Round "8.4"]
[White "Karpatchev, Aleksandr"]
[Black "Gozzoli, Yannick"]
[Result "1/2-1/2"]
[WhiteElo "2491"]
[BlackElo "2498"]
[PlyCount "92"]
[EventDate "2009.??.??"]

1. e4 e5 2. Nf3 Nc6 3. Bb5 a6 4. Bxc6 dxc6 5. O-O Bd6 6. d4 exd4 7. Qxd4 f6 8.
Be3 Ne7 9. Nbd2 Be6 10. Qc3 Ng6 11. Nd4 Qe7 12. Nxe6 Qxe6 13. Qc4 Qe7 14. Qb3
O-O-O 15. Rad1 Rhe8 16. f3 f5 17. exf5 Qh4 18. f4 Bxf4 19. Bxf4 Nxf4 20. Qf3
Nd5 21. Nb3 Nf6 22. Rxd8+ Rxd8 23. Qf2 Qxf2+ 24. Kxf2 c5 25. c3 Rd5 26. Ke2
Re5+ 27. Kd2 Rd5+ 28. Ke3 b6 29. h3 Re5+ 30. Kd3 b5 31. c4 h5 32. Nd2 Kd7 33.
Rf4 Re1 34. Nf3 Ra1 35. Kc2 Rh1 36. Kd2 Kd6 37. Ne1 bxc4 38. Rxc4 Rf1 39. Ra4
Rf2+ 40. Ke3 Rxb2 41. Rxa6+ c6 42. Ra4 Nd5+ 43. Kf3 Rb1 44. Kf2 Rb2+ 45. Kf3
Rb1 46. Kf2 Rb2+ 1/2-1/2

[Event "17ème open international de Saint-Affriq"]
[Site "Saint Affrique"]
[Date "2009.07.24"]
[Round "8.6"]
[White "Riff, Jean-Noel"]
[Black "Buscara, Sevan"]
[Result "1-0"]
[WhiteElo "2505"]
[BlackElo "2225"]
[PlyCount "53"]
[EventDate "2009.??.??"]

1. e4 d5 2. exd5 Qxd5 3. Nc3 Qa5 4. d4 Nf6 5. Nf3 Bf5 6. Ne5 c6 7. g4 Bg6 8. h4
Nbd7 9. Nc4 Qc7 10. h5 Be4 11. Nxe4 Nxe4 12. Qf3 Nef6 13. g5 Nd5 14. g6 O-O-O
15. gxf7 e5 16. Bg5 Be7 17. Bxe7 Nxe7 18. O-O-O exd4 19. Rxd4 Kb8 20. Bh3 Nd5
21. Bxd7 Qxd7 22. Ne3 Qe6 23. c4 Nf6 24. Rxd8+ Rxd8 25. Qg3+ Ka8 26. Qxg7 Qe7
27. Rd1 1-0

[Event "17ème open international de Saint-Affriq"]
[Site "Saint Affrique"]
[Date "2009.07.24"]
[Round "8.8"]
[White "Marzolf, Bruno"]
[Black "Boudre, Jean-Pierre"]
[Result "0-1"]
[WhiteElo "2246"]
[BlackElo "2337"]
[PlyCount "48"]
[EventDate "2009.??.??"]

1. e4 e5 2. Nf3 Nc6 3. Bc4 Nf6 4. d3 h6 5. a4 g6 6. O-O Bg7 7. a5 a6 8. c3 O-O
9. Qb3 d6 10. Re1 Qe7 11. Nbd2 Nd7 12. Bd5 Nc5 13. Qc2 Ne6 14. Nf1 Kh8 15. h3
Bd7 16. Ng3 Rae8 17. Bd2 f5 18. exf5 gxf5 19. Ra4 f4 20. Nh5 Qf7 21. Nxg7 Qxg7
22. Kh2 Ne7 23. Bxb7 Bxa4 24. Qxa4 Nc5 0-1

[Event "17ème open international de Saint-Affriq"]
[Site "Saint Affrique"]
[Date "2009.07.24"]
[Round "8.10"]
[White "Crut, Aurelien"]
[Black "Carre, Sylvain"]
[Result "1/2-1/2"]
[WhiteElo "2335"]
[BlackElo "2044"]
[PlyCount "90"]
[EventDate "2009.??.??"]

1. e4 e5 2. Nf3 Nf6 3. Nxe5 d6 4. Nf3 Nxe4 5. d4 d5 6. Bd3 Bd6 7. O-O O-O 8. c4
c6 9. cxd5 cxd5 10. Nc3 Nxc3 11. bxc3 Bg4 12. Rb1 b6 13. h3 Bh5 14. c4 Nc6 15.
cxd5 Nb4 16. Bc4 Rc8 17. Bb3 Bg6 18. Rb2 Be4 19. Be3 Nxd5 20. Bg5 Qd7 21. Ne5
Qf5 22. Qg4 Qxg4 23. hxg4 Ba3 24. Re2 Nc3 25. Re3 Bb7 26. Nc4 Ne4 27. Rxe4 Rxc4
28. Be7 Bxe4 29. Bxf8 Bd3 30. Bxc4 Bxf1 31. Kxf1 Kxf8 32. Ke2 f6 33. Kd3 Ke7
34. Ke4 Bb2 35. Bg8 h6 36. Kd5 Bc3 37. Bh7 Bb2 38. Bd3 Bc3 39. a4 Bb2 40. Bf5
Bc3 41. Bd3 Bb2 42. f3 Bc3 43. Bb1 Bb2 44. Ba2 Bc3 45. Ke4 Bb2 1/2-1/2

[Event "17ème open international de Saint-Affriq"]
[Site "Saint Affrique"]
[Date "2009.07.24"]
[Round "8.11"]
[White "Brih, Said"]
[Black "Milesi, Laurent"]
[Result "1-0"]
[WhiteElo "2318"]
[BlackElo "2091"]
[PlyCount "47"]
[EventDate "2009.??.??"]

1. d4 b6 2. c4 Bb7 3. Nc3 e6 4. e4 Bb4 5. Bd3 f5 6. d5 fxe4 7. Bxe4 Qh4 8. Qe2
Nf6 9. Bd3 O-O 10. Nf3 Bxc3+ 11. bxc3 Qg4 12. h3 Qxg2 13. Rh2 Qxh2 14. Nxh2
exd5 15. Ng4 Ne4 16. cxd5 Nxc3 17. Qc2 Nxd5 18. Bb2 Re8+ 19. Kf1 Nf4 20. Qc4+
Ne6 21. Nh6+ gxh6 22. Qg4+ Kf7 23. Qf5+ Ke7 24. Bf6+ 1-0

[Event "17ème open international de Saint-Affriq"]
[Site "Saint Affrique"]
[Date "2009.07.24"]
[Round "8.12"]
[White "Delorme, Laurie"]
[Black "Mohota, Nisha"]
[Result "0-1"]
[WhiteElo "2152"]
[BlackElo "2315"]
[PlyCount "86"]
[EventDate "2009.??.??"]

1. d4 e6 2. c4 Bb4+ 3. Bd2 a5 4. Nf3 d6 5. g3 Nc6 6. Bg2 e5 7. d5 Nce7 8. O-O
Bxd2 9. Qxd2 Nf6 10. Nc3 O-O 11. Rfd1 Ng6 12. e4 Nd7 13. Ne1 Nc5 14. Nd3 b6 15.
b3 f5 16. Nxc5 bxc5 17. exf5 Bxf5 18. Ne4 Bxe4 19. Bxe4 Qf6 20. Rf1 Ne7 21. Qd3
g6 22. Rae1 a4 23. Re2 axb3 24. axb3 Nc8 25. Kg2 Qg7 26. h4 Ne7 27. Rb2 Ra3 28.
Qd1 Nf5 29. h5 g5 30. Qb1 Nd4 31. h6 Qe7 32. Rh1 Qf7 33. Qd3 Kh8 34. Qe3 Rg8
35. g4 Rb8 36. Qxg5 Rg8 37. Qe3 Rxg4+ 38. Kf1 Nf5 39. Bxf5 Qxf5 40. Re2 Ra1+
41. Re1 Rxe1+ 42. Qxe1 Qf3 43. Rh2 Qd3+ 0-1

[Event "17ème open international de Saint-Affriq"]
[Site "Saint Affrique"]
[Date "2009.07.24"]
[Round "8.13"]
[White "Laclau, Daniel"]
[Black "Gertosio, Franck"]
[Result "0-1"]
[WhiteElo "2296"]
[BlackElo "2038"]
[PlyCount "42"]
[EventDate "2009.??.??"]

1. c4 d6 2. Nf3 e5 3. Nc3 g6 4. d4 exd4 5. Nxd4 Bg7 6. e4 Nf6 7. Be2 O-O 8. O-O
Re8 9. f3 c6 10. Kh1 d5 11. exd5 cxd5 12. c5 Nc6 13. Ncb5 Qe7 14. Bf4 Nxd4 15.
Nxd4 Qxc5 16. Nb5 Nh5 17. Bd6 Qb6 18. Nc7 Rd8 19. Nxa8 Qxd6 20. Rc1 Bh6 21. Rc3
d4 0-1

[Event "17ème open international de Saint-Affriq"]
[Site "Saint Affrique"]
[Date "2009.07.24"]
[Round "8.14"]
[White "Bruneau, Francois"]
[Black "Saada, Julien"]
[Result "0-1"]
[WhiteElo "1994"]
[BlackElo "2289"]
[PlyCount "92"]
[EventDate "2009.??.??"]

1. e4 c6 2. d4 d5 3. Nc3 dxe4 4. Nxe4 Bf5 5. Ng3 Bg6 6. N1e2 e6 7. Nf4 Bd6 8.
Nxg6 hxg6 9. Ne4 Nf6 10. Nxd6+ Qxd6 11. h3 Nbd7 12. c3 O-O-O 13. Be3 Nd5 14.
Qf3 Nxe3 15. fxe3 e5 16. O-O-O Nf6 17. Bc4 e4 18. Qf2 Qe7 19. Rdf1 Rhf8 20. Qg3
Nd5 21. Rf2 Qe6 22. Rhf1 f5 23. Bb3 Rf6 24. Kb1 a5 25. c4 Nb4 26. c5 Qd7 27.
Bc4 Rdf8 28. a3 Nd5 29. Bxd5 Qxd5 30. Rf4 Qb3 31. Qe1 g5 32. R4f2 f4 33. exf4
Rxf4 34. Rxf4 Qd3+ 35. Ka1 gxf4 36. Rf2 e3 37. Rf3 Qxd4 38. Qxa5 e2 39. Rb3 Kb8
40. Rxb7+ Kxb7 41. Qb6+ Kc8 42. Qxc6+ Kd8 43. Qb6+ Ke7 44. Qb7+ Qd7 45. Qe4+
Qe6 46. Qb7+ Kf6 0-1